000 00343nam a2200145 i 4500
001 bg
100 1 _aGUNDERMANN, Erich
245 0 _aBautenschutz :
_bChemie und Technologie /
_cE. Gundermann.
260 _aDresden,
_c1967.
040 _cBPK
041 _apol
080 _a699.8
942 _cKS
008 s pl f |000 0 pol
999 _c11674
_d11674
856 _uhttp://koha.tu.koszalin.pl/cgi-bin/koha/opac-detail.pl?biblionumber=11674
_yKatalog online BPK